000 00337nam a2200145Ia 4500
008 191201s2011 xx 000 0 und d
082 _a658.3
_bARH
100 _aARORA,Vikas
245 0 _aHuman Resource Management
250 _a1st
260 _aN. Delhi
_bGlobal vision pub
_c2011
300 _a663
650 _aBBA
942 _2ddc
_cBK
999 _c4955
_d4955